• 首页
  • 本馆介绍
  • 公告通知
  • 最新文献
  • 馆藏检索
  • 电子资源
  • 读者导购
  • 参考咨询
  • 我的图书馆
  • 登录
  • 详细信息显示
  • 放入我的书架
  • 预约/预借图书
  • 作者相关作品
  • 分类相关作品
  • 丛书相关作品
  • 出版社相关作品

书目信息

  • 表格格式
  • 工作单格式
  • 卡片格式
题名:
在风雨中长大
    
 
作者: 李强 , 杜印 著
分册:  
出版信息: 北京   群众出版社  1963.2
页数: 51页
开本: 19cm
丛书名:
单 册:
中图分类: I286.4
科图分类:
主题词: 儿童文学--中国 , 儿童文学--中国--丛书
电子资源:
ISBN:
000 00598nam0 2200229 45
001 0301091059
005 20060802173206.54
010    @dCNY0.13
091    @a10067.114
100    @a20030109d1963 km y0chiy0120 ea
101 0  @achi
105    @a z 000ay
200 1  @a在风雨中长大@AZai Feng Yu Zhong Zhang Da@f李强,杜印著@FLi Qiang,Du Yin Zhu
210    @a北京@c群众出版社@d1963.2
215    @a51页@d19cm
606 0  @a儿童文学@x中国
606 0  @a儿童文学@x中国@x丛书
690    @aI286.4@v3
701  0 @a李强@4著
701  0 @a杜印@4著
801    @aCN@bTSTC@c20060802
905    @dI286.4@e2
    
    在风雨中长大/李强,杜印著.-北京:群众出版社,1963.2
    51页;19cm
    
    
    ISBN :CNY0.13
    
●
相关链接 在E读中查询图书 在五车中查询图书 在当当中查询图书 在豆瓣中查询图书


正题名:在风雨中长大     索取号:I286.4/2         预约/预借

序号 登录号 条形码 馆藏地/架位号 状态 备注
1 0002525   001743019   密集书库/ [索取号:I286.4/2] 在馆    
2 0443654   204436547   密集书库/ [索取号:I286.4/2] 在馆    
唐山师范学院图书馆 欢迎您!
大连网信软件有限公司© 版权所有